<?xml version="1.0" encoding="UTF-8"?>
<marc:record xmlns:marc="http://www.loc.gov/MARC21/slim">
   <marc:leader>00000nam a2200000 a 4500</marc:leader>
   <marc:datafield ind1="0" ind2="0" tag="245">
      <marc:subfield code="a">The Big Bang Theory [Bildtonträger]</marc:subfield>
   </marc:datafield>
   <marc:datafield ind1="0" ind2="0" tag="245">
      <marc:subfield code="b">Staffel 12</marc:subfield>
   </marc:datafield>
   <marc:datafield ind1=" " ind2="1" tag="264">
      <marc:subfield code="a">Hamburg</marc:subfield>
      <marc:subfield code="b">Warner Bros. Entertainment GmbH</marc:subfield>
   </marc:datafield>
   <marc:datafield ind1="1" ind2=" " tag="490">
      <marc:subfield code="a">The Big Bang Theory</marc:subfield>
      <marc:subfield code="v">11</marc:subfield>
   </marc:datafield>
   <marc:datafield ind1="1" ind2=" " tag="520">
      <marc:subfield code="a">Die Wissenschaft des Humors geht in die nächste Runde! Beruflich erobern die Physiker Leonard und Sheldon mit ihren fachidiotischen Kollegen den Kosmos. Doch privat werden sie vom wahren Leben immer wieder überrumpelt - ob hinterm Lenkrad oder im Umgang mit der Damenwelt.&#xD;
In dieser Staffel findet Leonard eine Freundin. Und Sheldon auch. Sheldon? Howard steuert den Mars-Rover in einen Graben. Raj baggert einen Terminator an. Penny wird süchtig nach dem Videogame "Age of Conan". Und die selbstbewusste Leslie Winkle macht aus Männern rückgratlose Quallen. Wenn Chuck Lorre und Bill Prady zu gleichen Teilen Wissenschaft, Superhelden und Sex zusammenrühren und die Stars Johnny Galecki und Jim Parsons hinzufügen, ergibt das eine hochexplosive Mischung für den Nerd in jedem von uns.</marc:subfield>
   </marc:datafield>
   <marc:datafield ind1="1" ind2=" " tag="521">
      <marc:subfield code="a">FSK ab 6 freigegeben</marc:subfield>
   </marc:datafield>
   <marc:datafield ind1="1" ind2=" " tag="521">
      <marc:subfield code="a">0</marc:subfield>
   </marc:datafield>
   <marc:datafield ind1=" " ind2=" " tag="338">
      <marc:subfield code="a">Videodisk</marc:subfield>
   </marc:datafield>
   <marc:datafield ind1=" " ind2=" " tag="300">
      <marc:subfield code="a">3 DVDs</marc:subfield>
   </marc:datafield>
</marc:record>
